00453nam a2200157Ia 450000500170000000800410001708200130005810000180007124500120008926000360010130000130013750000250015094200060017595200990018199900150028020250325041244.0240331s9999 xx 000 0 und d bMANa894 aManisekaran,S 0aKandari aChennaibKangai Book shopc1997 a215 p ., aSarithira Sirukadhai cL 001040708LaWERCLbWERCLcSSCd2024-03-31l0o 894.811 MANp2603r2024-03-31w2024-03-31yL c4043d4043